Die meistgesprochenen Sprachen - Statistiken

Allgemein
  • Dieses Quiz wurde 191 mal gespielt
  • Das Durchschnittsergebnis liegt bei 7 aus 10
Antwortstatistiken
Anzahl der Sprecher Sprache % Korrekt
1.528 mio Englisch
100%
558,5 mio Spanisch
97%
1.184 mio Mandarin
90%
311,9 mio Französisch
89%
253,4 mio Russisch
76%
609,1 mio Hindi
70%
266,6 mio Portugiesisch
70%
334,8 mio Arabisch
67%
252,4 Indonesisch
30%
284,3 mio Bengali
23%
Keine übereinstimmenden Quizze gefunden
Verteilung der Resultate
Anzahl Personen mit jedem Resultat
Perzentil nach korrekt beantworteten Fragen
Ihre Resultats-Entwicklung
Sie haben dieses Quiz noch nicht gespielt